BIBLIOTECA

SENCICO

Reglamento de metrados para obras de edificación (Registro nro. 3397)

Detalles MARC
000 -LEADER
fixed length control field 00423nam a2200181Ia 4500
005 - DATE AND TIME OF LATEST TRANSACTION
control field 20251020182613.0
008 - FIXED-LENGTH DATA ELEMENTS--GENERAL INFORMATION
fixed length control field 200515s9999 xx 000 0 und d
082 ## - DEWEY DECIMAL CLASSIFICATION NUMBER
Classification number SC/69.032(094.7)/C22/1980
110 ## - MAIN ENTRY--CORPORATE NAME
Corporate name or jurisdiction name as entry element CAPECO
245 #0 - TITLE STATEMENT
Title Reglamento de metrados para obras de edificación
250 ## - EDITION STATEMENT
Edition statement 2a ed.
260 ## - PUBLICATION, DISTRIBUTION, ETC.
Place of publication, distribution, etc. Lima
260 ## - PUBLICATION, DISTRIBUTION, ETC.
Date of publication, distribution, etc. 1980
300 ## - PHYSICAL DESCRIPTION
Extent 100
650 ## - SUBJECT ADDED ENTRY--TOPICAL TERM
Topical term or geographic name entry element METRADOS
650 ## - SUBJECT ADDED ENTRY--TOPICAL TERM
Topical term or geographic name entry element PUB CAPECO
942 ## - ADDED ENTRY ELEMENTS (KOHA)
Koha item type Libros
Existencias
Fecha de la última vez que lo usaron Pago total Signatura topográfica completa Código de barras Precio efectivo desde Tipo de documento Estado perdido Estado dañado No es para préstamo Retirado Ubicación permanente Ubicación actual Fecha de adquisición
15/05/2020   SC/69.032(094.7)/C22/1980 Bib-Lima15053397 15/05/2020 Libros         Biblioteca Central Lima Biblioteca Central Lima 15/05/2020